Iran-Quiz - Statistiken

Allgemein
  • Dieses Quiz wurde 1.466 mal gespielt
  • Das Durchschnittsergebnis liegt bei 10 aus 20
Antwortstatistiken
Frage Antwort % Korrekt
Hauptstadt von Iran Teheran
98%
Amtssprache Persisch
87%
Wichtigstes Exportgut Erdöl
86%
Land, gegen das Iran einen schrecklichen Krieg von 1980-1988 führte Irak
83%
Offizielle Glaubensrichtung des Islams Schia
70%
See, an den Iran im Norden grenzt Kaspisches Meer
64%
Titel des Herrschers, der 1979 gestürzt wurde Schah
56%
Iran ist das einzige Land außerhalb Afrikas in dem diese Wildkatzen frei leben Gepard
49%
Anführer der islamischen Revolution von 1979 Ruhollah Chomeini
49%
Religiöser Titel dieses Anführers Ajatollah
46%
Meerenge zwischen dem Persischen Golf und dem Golf von Oman Straße von {Hormus}
37%
Währung von Iran Rial
31%
Nationale Sportart Freistilringen
29%
Iran befindet sich hauptsächlich in dieser geologischen Region Iranisches {Hochland}
29%
"Große" Könige des Achämenidenreiches Xerxes
29%
Wie dieser Anführer die USA nannte Großer {Satan}
27%
Prophet, der auch Zoroaster genannt wird Zarathustra
26%
"Große" Könige des Achämenidenreiches Dareios
24%
Gebirgskette mit Anfangsbuchstaben Z Zāgros
20%
"Große" Könige des Achämenidenreiches Kyros
19%
Keine übereinstimmenden Quizze gefunden
Verteilung der Resultate
Anzahl Personen mit jedem Resultat
Perzentil nach korrekt beantworteten Fragen
Ihre Resultats-Entwicklung
Sie haben dieses Quiz noch nicht gespielt